000 00271nam a22001217a 4500
008 180927b xxu||||| |||| 00| 0 eng d
041 _aeng
080 _a701
100 _a44
101 _aART
245 _aThe Chinese on the Art of Painting
_cSiren,O
942 _2udc
_cBK
999 _c48590
_d48590